000 00496nam a22001817a 4500
003 OSt
005 20150312153644.0
008 130207t xxu||||| |||| 00| 0 eng d
020 _a9719919216
050 _aHF 5635
_b.V34 2012
100 _aValix, Conrado T.
245 _aFinancial accounting /
_cConrado T. Valix, Jose F. Peralta
260 _aManila :
_bGIC Enterprises,
_c2012.
300 _a1364 pages :
_c23 cm.
650 _aFinancial Accounting.
942 _2lcc
_cBK
999 _c283760
_d283760